=LDR 00000nam 2200000 4500 =001 INLIS000000000006816 =005 20130612094918 =008 ***********************************Ind** =035 ##$$0010-061300000006816 =041 ##$$a Ind =082 ##$$a 8x0.2 =090 ##$$a 8x0.2, Ren t =100 ##$$a Rendra =245 ##$$a Tentang bermain drama, Rendra =260 ##$$a 1985 $b Jakarta =300 ##$$a 96 hlm., 18 cm =650 ##$$a Drama =850 ##$$a NBPNMAT